| 000 | 00415nam a2200145Ia 4500 | ||
|---|---|---|---|
| 008 | 220326s9999||||xx |||||||||||||| ||und|| | ||
| 020 | _a979-538-245-4 | ||
| 084 | _a10119 SYA Gov Bo.1 | ||
| 100 | _aInu Kencana Syafiie | ||
| 245 | 0 | _aBirokrasi Pemerintahan Indonesia | |
| 260 |
_aBandung _bMandar Maju _c2004 |
||
| 300 | _aviii + 116 halaman | ||
| 650 |
_aGovernment (Pemerintahan) _eG-O-V _yBirokrasi |
||
| 942 | _cBK | ||
| 999 |
_c12683 _d12683 |
||